| 000 | 01104nam a22003257a 4500 | ||
|---|---|---|---|
| 003 | CHAP | ||
| 005 | 20220329141036.0 | ||
| 008 | 971013s1989 r 00010 d | ||
| 010 | _a61725 | ||
| 011 | _a62697 | ||
| 035 | _a66872 | ||
| 040 | _cCHAP | ||
| 090 | _aTesis | ||
| 100 | 0 | 0 |
_aGarcía Molina, José Guadalupe. _946319 |
| 245 | _aOrganización técnica y administrativa de una empresa extractiva forestal | ||
| 260 |
_aChapingo, Méx. : _bEl autor, _c1989 |
||
| 300 | _a44 h. | ||
| 502 | _aTesis (Ing. Agr. Esp. en Bosques) -- UACH. División de Ciencias Forestales | ||
| 590 |
_aALEPH _b10 _c20130110 _lUCH01 _h1343 |
||
| 590 |
_aBATCH-UPD _b10 _c20130110 _lUCH01 _h0704 |
||
| 590 |
_aBATCH-UPD _b10 _c20130410 _lUCH01 _h0349 |
||
| 590 |
_aBATCH-UPD _b10 _c20130913 _lUCH01 _h1944 |
||
| 590 |
_aCONVERSION _b10 _c20130109 _lUCH01 _h1333 |
||
| 650 | 1 | 4 |
_aAdministración de empresas. _9922 |
| 650 | 1 | 4 |
_aIndustrias forestales _zDurango. _958004 |
| 901 | _aBK | ||
| 942 | _cFOLL | ||
| 949 |
_bBC _cTES _d-152114 _eTS1 _h30784 _i66872 _si |
||
| 949 |
_bBC _cTES _d33724000628806 _eTS2 _fc.2 _h30785 _i66872 _si |
||
| 999 |
_c61725 _d61725 |
||